Asas pengurusan perniagaan /

Bibliographic Details
Main Author: Zafir Mohd Makhbul
Other Authors: Fazilah Mohamad Hasun
Format: Book
Published: Selangor: Leeds Publications (M), 2010.
Subjects:
LEADER 00568cam a2200205 7i4500
001 0000020480
005 20151104090000.0
005 ##20151104123200.0
003 ##MY-KlINT
008 15110428
020 # # |a 9832431344  
039 # 9 |y 201511041232  |z VLOAD 
090 0 0 |a 658   |b ZAF 
100 1 # |a Zafir Mohd Makhbul 
245 1 0 |a Asas pengurusan perniagaan /   |c Zafir Mohd Makhbul, Fazilah Mohamad Hasun. 
260 # # |a Selangor:   |b Leeds Publications (M),   |c 2010. 
300 # # |a ix,246p.;   |c 19cm. 
650 # 0 |a Industrial management  
650 # 0 |a Management  
700 0 # |a Fazilah Mohamad Hasun